000
00340nam a22001457a 4500
008
250228b |||||||| |||| 00| 0 eng d
020
_a
9780323390569
050
_a
RE46
_b
.F75
100
_a
Friedman Neil J
245
_a
Review of Ophthalmology
250
_a
3rd
260
_a
New York
_b
Elsevier
_c
2018
300
_a
Vii,413p
942
_c
BK
999
_c
2011
_d
2011